00400nam a2200157Ia 4500008004100000020001800041245003100059245005500090260001500145260001600160260000900176300001400185300002500199300001000224500000800234170705s9999 xx 000 0 und d a9780545563413 aThose rebels, John & Tom / cBarbara Kerley ; illustrated by Edwin Fothringham. aNew York : bScholastic, c2012 aunpaged : bcolor illustration ; c26cm. a960